• 首页
  • 本馆介绍
  • 公告通知
  • 最新文献
  • 馆藏检索
  • 电子资源
  • 读者导购
  • 参考咨询
  • 我的图书馆
  • 登录
  • 详细信息显示
  • 放入我的书架
  • 预约/预借图书
  • 作者相关作品
  • 分类相关作品
  • 丛书相关作品
  • 出版社相关作品

书目信息

  • 表格格式
  • 工作单格式
  • 卡片格式
题名:
不情愿的大师
    
 
作者: 葛霖 著 ;刘小群 译
分册:  
出版信息: 南京   江苏凤凰文艺出版社  2017.02
页数: 312页
开本: 24cm
丛书名:
单 册:
中图分类: K516.07
科图分类:
主题词:
电子资源:
ISBN: 978-7-5399-9778-0
000 01278nam0 2200289 450
001 CAL 0120172120169
005 20170320095634.1
010    @a978-7-5399-9778-0@b@dCNY45.00
100    @a20170317d2017 em y0chiy50 ea
101 1  @achi@ceng
102    @aCN@b320000
105    @ay z 000yy
106    @ar
200 1  @a不情愿的大师@Abu qing yuan de da shi@e德国与新欧洲@d= Reluctant meister@egermany and the new Europe@f(英) 斯蒂芬·葛霖著@g刘小群译@zeng
210    @a南京@c江苏凤凰文艺出版社@d2017.02
215    @a312页@c@d24cm
314    @a斯蒂芬·葛霖, 英国牛津大学学士、美国麻省理工学院硕士。
330    @a本书是对德国从神圣罗马帝国时期到第二帝国、第三帝国时期 (希特勒统治时期) 的广泛研究。书中不仅提出了像这样一个成熟发达的文明国家如何堕落到纳粹的野蛮统治, 又如何在一代人的时间里重整旗鼓, 成为“经济发动机”。最重要的是, 斯蒂芬·葛霖研究了德国主导其欧盟邻居们到了什么样的程度, 而且这会意味着什么。
500 10 @aReluctant meister : germany and the new Europe@mChinese
517 1  @a德国与新欧洲@Ade guo yu xin ou zhou
607    @a德国@Ade guo@x研究
690    @aK516.07@v5
701  1 @a葛霖@Age lin@g(Green, Stephen)@4著
702  0 @a刘小群@Aliu xiao qun@4译
801  0 @aCN@b人天书店@c20170317@g
905    @aBZT@dK516.07@e1
906    @dCNY45.00@n3@r1
    
    不情愿的大师:德国与新欧洲= Reluctant meister:germany and the new Europe/(英) 斯蒂芬·葛霖著/刘小群译.-南京:江苏凤凰文艺出版社,2017.02
    312页;24cm
    
    
    ISBN 978-7-5399-9778-0:CNY45.00
    本书是对德国从神圣罗马帝国时期到第二帝国、第三帝国时期 (希特勒统治时期) 的广泛研究。书中不仅提出了像这样一个成熟发达的文明国家如何堕落到纳粹的野蛮统治, 又如何在一代人的时间里重整旗鼓, 成为“经济发动机”。最重要的是, 斯蒂芬·葛霖研究了德国主导其欧盟邻居们到了什么样的程度, 而且这会意味着什么。
●
相关链接 在五车中查询图书 在当当中查询图书 在豆瓣中查询图书


正题名:不情愿的大师     索取号:K516.07/1         预约/预借

序号 登录号 条形码 馆藏地/架位号 状态 备注
1 835327   2000835327   第二书库/ [索取号:K516.07/1] 在馆    
2 835328   2000835328   第二书库/ [索取号:K516.07/1] 在馆    
3 835329   2000835329   第二书库/ [索取号:K516.07/1] 在馆    
山东省滨州职业学院图书馆 欢迎您!
大连网信软件有限公司© 版权所有